Dates - Histoire Antique - Statistiques

Statistiques générales
  • Ce quiz a été pris 9 fois
  • Le résultat moyen est 3 sur 20
Statistiques - réponses
Hint Réponse % Correct
Révolte d’Alexandrie réprimée par Caracalla 215
75%
Édit de Caracalla : généralisation de la citoyenneté romaine à tous les hommes libres de l’Empire 212
50%
Année des quatre empereurs 69
50%
Leptis Magna devient colonie romaine sous Trajan 110
25%
Construction de l’arc honorifique de Septime Sévère à Leptis Magna 203
25%
Assassinat de Caracalla 217
25%
Fin de la dynastie des Sévères et du programme 235
25%
Dynastie des Flaviens 69 - 96
25%
Fondation d’Antinoopolis en Égypte par Hadrien 137
0%
Le Sénat offre les pouvoirs du Princeps à Auguste 16 et 17 janvier 27 av JC
0%
Assassinat de Commode qui entraine une crise de succession 192
0%
Dynastie des Sévères 193 - 235
0%
Conquête de l’Égypte par Octave Auguste, elle devient province impériale à statut exceptionnel 30 av JC
0%
Éruption du Vésuve 79
0%
Inauguration du Colisée 80
0%
Assassinat de Domitien par une conjuration 96
0%
Dynastie des Antonins 96 - 192
0%
Règne de Trajan : apogée territoriale de l’Empire, construction du Forum de Trajan 98 - 192
0%
Adoption de Trajan par Nerva Décembre 97
0%
Mort de Nerva Janvier 98
0%
Aucun quiz correspondant
Distribution des résultats
% des personnes avec chaque résultat
Percentile par nombre de réponses
Votre historique - résultats
Vous n’avez pas pris ce quiz